[Event "ESP-chT"]
[Site "?"]
[Date "1993.??.??"]
[Round "?"]
[White "Magem Badals, Jorge"]
[Black "Bellon Lopez, Juan Manuel"]
[Result "1/2-1/2"]
[WhiteElo "2505"]
[BlackElo "2415"]

1.e4 c5 2.Nf3 e6 3.d4 cxd4 4.Nxd4 a6 5.Bd3 Bc5 6.Nb3 Ba7 7.Qg4 Nf6 8.Qg3 d6
9.O-O Nc6 10.Nc3 h5 11.Bg5 h4 12.Bxh4 Nh5 13.Bxd8 Nxg3 14.hxg3 Kxd8 15.g4 b5
16.g3 b4 17.Nb1 Ne5 18.Be2 Bb7 19.N1d2 Rc8 20.Bd3 Nxg4 21.Nf3 d5 22.Rae1 dxe4
23.Bxe4 Rxc2 24.Nfd4 Rxf2 25.Bxb7 Rxb2 26.Rxf7 Rh3 27.Rf8+ Ke7 28.Rf3 e5
29.Bc8 Rxb3 30.axb3 Bxd4+ 31.Kg2 Rh2+ 32.Kf1 Nf6 33.Bxa6 Ra2 34.Bc4 Ng4 35.Rf7+ Kd6
36.Re2 Ne3+ 37.Rxe3 Bxe3 38.Rxg7 e4 39.Rf7 Ke5 40.g4 Kd4 41.Rf5 Rc2 42.g5 Rc1+
43.Ke2 Rc2+ 44.Kf1  1/2-1/2

[Event "Farum op"]
[Site "Farum"]
[Date "1993.??.??"]
[Round "6"]
[White "Schandorff, Lars"]
[Black "Akesson, Ralf"]
[Result "1/2-1/2"]
[WhiteElo "2435"]
[BlackElo "2465"]

1.e4 c5 2.Nf3 e6 3.d4 cxd4 4.Nxd4 a6 5.Bd3 Nf6 6.O-O Qc7 7.Kh1 d6 8.f4 Nbd7
9.Nc3 b5 10.a3 Bb7 11.Bd2 g6 12.Qe1 Bg7 13.Qh4 Nc5 14.Rae1 Nfd7 15.Nde2 Nxd3
16.cxd3 Nc5 17.Nc1 Qe7 18.Qf2 f5 19.b4 Na4 20.Nxa4 bxa4 21.Qe3 Kf7 22.Ne2 Rac8
23.Rc1 Bb2 24.Rb1 Bf6 25.Rbc1 Qd7 26.Bc3 Bxc3 27.Nxc3 Rc7 28.d4 fxe4 29.Nxe4 Rhc8
30.Ng5+ Kg8 31.Rxc7 Rxc7 32.h3 Bd5 33.Ne4 Qc6 34.Nf6+ Kg7 35.Nxd5 Qxd5 36.Rf2 Kf6
37.Rd2 Rc1+ 38.Kh2 Qb3 39.Rd3 Qb1 40.Kg3 Re1 41.Qd2 Rf1 42.d5 Qc1  1/2-1/2

[Event "FIN-chT"]
[Site "FIN"]
[Date "1993.??.??"]
[Round "?"]
[White "Lahtinen, Markku"]
[Black "Kivisto, Mikko"]
[Result "1-0"]
[WhiteElo "2220"]
[BlackElo "2265"]

1.e4 c5 2.Nf3 e6 3.d4 cxd4 4.Nxd4 a6 5.Bd3 Nf6 6.O-O d6 7.Nc3 b5 8.f4 Bb7
9.a3 Nbd7 10.Be3 Qc7 11.Qf3 Nc5 12.g4 d5 13.e5 Nfe4 14.Nce2 g6 15.Qg2 Bg7
16.Nf3 h5 17.Ned4 hxg4 18.Qxg4 O-O-O 19.Rae1 Rh5 20.Re2 Rdh8 21.Rg2 R8h7
22.b4 Nd7 23.Bxe4 dxe4 24.Ng5 Qc3 25.Qe2 Rxg5 26.Rxg5 Qxa3 27.c4 bxc4 28.Qxc4+ Kb8
29.Rg3 Qb2 30.Rg2 Qa3 31.Rg3 Qb2 32.Rg2 Qa3 33.Qc1 Qxc1 34.Rxc1 Rh3 35.Rg3 Rh8
36.Nc6+ Bxc6 37.Rxc6 Bf8 38.Rxa6 Bxb4 39.Ra4 Be7 40.Ba7+ Kb7 41.Rb3+ Kc6
42.Rc4+  1-0

[Event "FRA"]
[Site "FRA"]
[Date "1993.??.??"]
[Round "?"]
[White "Santo Roman, Marc"]
[Black "Giffard, Nicolas"]
[Result "1-0"]
[WhiteElo "2410"]
[BlackElo "2370"]

1.e4 c5 2.Nf3 e6 3.d4 cxd4 4.Nxd4 a6 5.Bd3 Nf6 6.O-O d6 7.c4 g6 8.Nc3 Bg7
9.Bg5 O-O 10.Qd2 Nbd7 11.Rfe1 Qb6 12.Nf3 Re8 13.Bf1 Ng4 14.Rad1 Bf8 15.Nd4 Qc7
16.h3 Nge5 17.b3 b6 18.Bh6 Bxh6 19.Qxh6 Bb7 20.f4 Nc6 21.Nf3 Ne7 22.Bd3 b5
23.Kh1 bxc4 24.Ng5 Nf8 25.Bxc4 d5 26.f5 gxf5 27.exd5 Nxd5 28.Nxd5 exd5 29.Rxe8 Rxe8
30.Bd3 Qg3 31.Qf6 Re1+ 32.Rxe1 Qxe1+ 33.Kh2 Qe8 34.Bxf5 Ng6 35.Ne6 Qb8+ 36.Kh1  1-0

[Event "Arnold Cup"]
[Site "Gausdal"]
[Date "1993.??.??"]
[Round "1"]
[White "Gullaksen, Eirik T"]
[Black "Stefansson, Hannes"]
[Result "0-1"]
[WhiteElo "2400"]
[BlackElo "2495"]

1.e4 c5 2.Nf3 e6 3.d4 cxd4 4.Nxd4 a6 5.Bd3 Nf6 6.O-O Qc7 7.Nd2 g6 8.Re1 d6
9.N2f3 Nbd7 10.a4 Bg7 11.a5 O-O 12.Bg5 h6 13.Bd2 Nc5 14.Ra3 Rd8 15.b4 Nxd3
16.cxd3 e5 17.Rc3 Qe7 18.Nb3 Bd7 19.Qb1 Bc6 20.Be3 Re8 21.Rcc1 d5 22.Nc5 Rac8
23.h3 Kh7 24.Red1 Rc7 25.Nh2 Rec8 26.f3 Nh5 27.Qa2 Qd6 28.Qf2 d4 29.Bd2 f5
30.g4 fxg4 31.hxg4 Nf4 32.Bxf4 exf4 33.Nf1 Bb5 34.Qa2 Qf6 35.Nd2 h5 36.gxh5 Qg5+
37.Kh1 Qxh5+ 38.Kg2 Qg5+ 39.Kh2 Qh4+ 40.Kg2 Qg3+ 41.Kh1 Qh3+ 42.Kg1 Qg3+
43.Kh1 Bf8 44.Ndb3 Qxf3+ 45.Qg2 Qh5+ 46.Qh2 Qxh2+ 47.Kxh2 g5 48.Nxd4 Bxc5
49.bxc5 Rxc5 50.Rxc5 Rxc5 51.Nxb5 axb5 52.d4 Rc2+ 53.Kh3 Kg6 54.Rb1 Rc3+
55.Kg2 g4 56.Rxb5 Rc2+ 57.Kf1 f3 58.Rf5 Re2 59.d5 Rxe4 60.Rf8 Kg5 61.d6 Rd4
62.Kf2 Rd2+  0-1

[Event "Gausdal Int"]
[Site "Gausdal"]
[Date "1993.??.??"]
[Round "6"]
[White "Berg, Klaus"]
[Black "Ostenstad, Berge"]
[Result "1/2-1/2"]
[WhiteElo "2395"]
[BlackElo "2465"]

1.e4 c5 2.Nf3 e6 3.d4 cxd4 4.Nxd4 a6 5.Bd3 Bc5 6.Nb3 Ba7 7.O-O Ne7 8.Bf4 d5
9.Nc3 d4 10.Ne2 Nbc6 11.Ng3 e5 12.Bd2 O-O 13.Qh5 Bb8 14.Rad1 Ng6 15.Nf5 Qb6
16.f4 exf4 17.Rf3 Nce5 18.Rh3 h6 19.Rf1 Qf6 20.g3 Qg5 21.Qxg5 hxg5 22.Rh5 f6
23.h4 Nxd3 24.cxd3 Bxf5 25.exf5 Ne7 26.g4 gxh4 27.Bxf4 Nc6 28.Bxb8 Raxb8
29.Nc5 Rfe8 30.g5 Re3 31.gxf6 gxf6 32.Rxh4 Rbe8 33.Nd7 Rg3+ 34.Kh2 Ree3 35.Nxf6+ Kf8
36.Rh8+ Kf7 37.Ne4 Rg4 38.f6 Ne5 39.Rh7+ Kf8 40.Rh8+ Rg8 41.Rxg8+ Kxg8 42.Rc1 Rxd3
43.Rc8+ Kf7 44.Kg2 Re3 45.Rc7+ Kg6 46.Rg7+ Kf5 47.Rg5+ Kxe4 48.Rxe5+ Kxe5
49.f7 Re2+ 50.Kg3 Re3+  1/2-1/2

[Event "BL9293 (Women)"]
[Site "Germany"]
[Date "1993.??.??"]
[Round "?"]
[White "Sadkiewicz, Joanna"]
[Black "Jahn, Constanze"]
[Result "1/2-1/2"]
[WhiteElo "2225"]
[BlackElo "2180"]

1.e4 c5 2.Nf3 e6 3.d4 cxd4 4.Nxd4 a6 5.Bd3 Bc5 6.Nb3 Ba7 7.O-O Nc6 8.Nc3 Nf6
9.Bg5 Ne5 10.h3 Qc7 11.Qe2 Ng6 12.Be3 Nf4 13.Bxf4 Qxf4 14.e5 Nd5 15.Nxd5 exd5
16.c3 O-O 17.Bc2 d6 18.exd6 Qxd6 19.Nd4 Bd7 20.Rfd1 Rad8 21.Qh5 g6 22.Qh6 Qf6
23.Rd3 Bb8 24.Rad1 Rfe8 25.g3 Re5 26.Rf3 Qe7 27.Qh4 Qxh4 28.gxh4 Rh5 29.Rfd3 Rxh4
30.Nf3 Rxh3 31.Rxd5 Rxf3 32.Rxd7 Rxd7 33.Rxd7 Ba7 34.Rxb7 Bxf2+ 35.Kg2 Rf6
36.c4 Bd4 37.Bb3 h5 38.Rd7 Bc5 39.Rd5 Be3 40.Rd8+ Kg7 41.Rd3 Bb6 42.Rd5 h4
43.c5 Bc7 44.Rd7 Bg3 45.Bd5 Rf2+ 46.Kh3 Rxb2 47.Rxf7+ Kh6 48.Kg4 Rb5 49.Rf6 Rxc5
50.Be4 Rg5+ 51.Kh3 a5 52.Ra6 Be1 53.Re6 Bf2 54.a4 Kg7 55.Ra6 Rg3+ 56.Kh2 Be1
57.Ra7+ Kh6 58.Ra6 Kh5 59.Rd6 Bb4 60.Rd5+ Kg4 61.Bxg6 Rh3+ 62.Kg2 Ra3 63.Bh5+ Kf4
64.Rd4+ Ke3 65.Rxh4 Rxa4 66.Bf7 Ra1  1/2-1/2

[Event "BL9293 (Women)"]
[Site "Germany"]
[Date "1993.??.??"]
[Round "?"]
[White "Lauterbach, Ingrid"]
[Black "Zahn, Nicol"]
[Result "1/2-1/2"]
[WhiteElo "2130"]
[BlackElo "2025"]

1.e4 c5 2.Nf3 e6 3.d4 cxd4 4.Nxd4 a6 5.Bd3 Bc5 6.Nb3 Ba7 7.Qe2 Nc6 8.Be3 Bxe3
9.Qxe3 Nf6 10.Nc3 O-O 11.O-O-O Qc7 12.f4 d6 13.h3 b5 14.g4 b4 15.Na4 Na5
16.Nb6 Nxb3+ 17.axb3 Rb8 18.Nxc8 Rfxc8 19.Kd2 Nd7 20.Ra1 a5 21.Rhf1 Nc5 22.g5 Nxd3
23.Qxd3 Rb6 24.Rf2 Rc6 25.Kd1 Qb6 26.Rg2 Qc5 27.h4 e5 28.f5 d5 29.g6 dxe4
30.gxf7+ Kf8 31.Qg3 Qd6+ 32.Rd2 Qf6 33.Rxa5 Qxf5 34.Qf2 Qh5+ 35.Qe2 Qxh4
36.Rxe5 Qh1+ 37.Qe1 Qf3+ 38.Kc1 Ra6 39.Kb1 Rca8 40.Re8+ Rxe8 41.fxe8=Q+ Kxe8
42.Rf2 Qg4 43.Re2 Re6 44.Re3 Qf4 45.Qe2 Re5 46.Rh3 Qf5 47.Rh1 e3 48.Rf1 Qxf1+
49.Qxf1 e2 50.Qe1 h5 51.Kc1 h4 52.Kd2 h3 53.c4 g5 54.c5 g4 55.c6 g3 56.Kd3 g2
57.c7 Kd7 58.Qh4 e1=N+ 59.Kc4 Kxc7 60.Qh7+ Kd6 61.Qg6+ Re6 62.Qg3+ Kc6 63.Kxb4 Nc2+
64.Ka5 Nd4 65.b4 Ne2 66.b5+ Kd7 67.Qg7+ Kd6 68.Qf8+ Kd5 69.Qf5+ Re5 70.Qd3+ Nd4
71.Qg3 Rf5 72.b6 Rf1 73.Qg5+ Kc4 74.Qg8+ Kd3 75.Qg3+ Nf3 76.Qg6+ Ke3 77.Qe6+ Kf2
78.b7 g1=Q 79.b8=Q Qg5+ 80.Kb6 Qe3+ 81.Qxe3+ Kxe3 82.Qe8+ Kf2 83.Qe4 Re1
84.Qc2+ Re2 85.Qc5+ Kg2 86.Qc3 h2 87.Qg7+ Kf2 88.Qh7 Rxb2+ 89.Kc5 Re2 90.Kc4  1/2-1/2

[Event "GER CupT"]
[Site "Germany"]
[Date "1993.??.??"]
[Round "?"]
[White "Mueller, Karsten"]
[Black "Beilfuss, Wilfried"]
[Result "1-0"]
[WhiteElo "2490"]
[BlackElo "2235"]

1.e4 c5 2.Nf3 e6 3.d4 cxd4 4.Nxd4 a6 5.Bd3 Bc5 6.Nb3 Ba7 7.Qe2 Nc6 8.Be3 d6
9.N1d2 Nf6 10.O-O O-O 11.a4 Bxe3 12.Qxe3 b6 13.Nc4 Rb8 14.Qg3 e5 15.Nbd2 Qc7
16.Rfe1 Be6 17.c3 b5 18.axb5 axb5 19.Na3 Na7 20.Nc2 Nc6 21.Na3 Na7 22.Nc2 Nc6
23.b4 Rfd8 24.Na3 Na7 25.Bf1 Rdc8 26.Rac1 Qb6 27.h3 h6 28.Qe3 Rc7 29.Ra1 Kf8
30.Qd3 Rbb7 31.Nc2 Kg8 32.Ne3 Qc6 33.Ra3 Rd7 34.Rea1 d5 35.exd5 Nxd5 36.Nxd5 Bxd5
37.Qe3 Qc7 38.Ne4 Bxe4 39.Qxe4 g6 40.Be2 Qb8 41.Qe3 Kg7 42.Ra6 Re7 43.Bf3 Rbd7
44.Rb6 Qd8 45.Be2 Rc7 46.Raa6 Qd5 47.Ra3 Kh7 48.h4 h5 49.Bxh5 Rc6 50.Rxc6 Nxc6
51.Be2 e4 52.Ra6 Rb7 53.Qf4 Kg7 54.g3 Ra7 55.Rxa7 Nxa7 56.Qb8 Qd7 57.Qe5+ Kg8
58.Qxe4 Nc8 59.Qa8 Kg7 60.Bxb5  1-0

[Event "BL2-N9293"]
[Site "Germany"]
[Date "1993.??.??"]
[Round "?"]
[White "Steinert, Marc"]
[Black "Klostermann, Markus"]
[Result "0-1"]
[WhiteElo "2290"]
[BlackElo "2280"]

1.e4 c5 2.Nf3 e6 3.d4 cxd4 4.Nxd4 a6 5.Bd3 Nf6 6.O-O Qc7 7.Qe2 d6 8.c4 g6
9.Nc3 Nbd7 10.Nf3 Bg7 11.Bf4 O-O 12.Rac1 Ng4 13.Rfd1 b6 14.Ne1 Nge5 15.Qe3 Bb7
16.Be2 Rfd8 17.b3 Rac8 18.Bh6 Qc5 19.Bg5 Bf6 20.Bh6 Bg7 21.Bg5 Bf6 22.Bf4 Be7
23.Qd2 Nf6 24.Be3 Qc7 25.Qd4 Ned7 26.f3 Qb8 27.Bf1 d5 28.exd5 Bc5 29.Qd2 exd5
30.Nxd5 Nxd5 31.cxd5 Qe5 32.Bxc5 Nxc5 33.d6 Rc6 34.Qd4 Qxd4+ 35.Rxd4 Rcxd6
36.Rcd1 Rxd4 37.Rxd4 Rxd4  0-1

[Event "GER CupT"]
[Site "Germany"]
[Date "1993.??.??"]
[Round "?"]
[White "Herbrechtsmeier, Christof"]
[Black "Staller, Peter"]
[Result "1/2-1/2"]
[WhiteElo "2305"]
[BlackElo "2375"]

1.e4 c5 2.Nf3 e6 3.d4 cxd4 4.Nxd4 a6 5.Bd3 Bc5 6.Nb3 Ba7 7.Qe2 Nc6 8.Be3 Bxe3
9.Qxe3 Nge7 10.c4 O-O 11.O-O d5 12.exd5 exd5 13.N1d2 Qd6 14.Rad1 Qe5 15.Qxe5 Nxe5
16.Be2 dxc4 17.Nxc4 Nxc4 18.Bxc4 b5 19.Bd3 Be6 20.Nc1 Rfd8 21.Bc2 Rac8 22.Rxd8+ Rxd8
23.Rd1 Rxd1+ 24.Bxd1 Nc6 25.Kf1 Kf8 26.Ke1  1/2-1/2

[Event "Oberliga Nord N9293"]
[Site "Germany"]
[Date "1993.??.??"]
[Round "?"]
[White "Breyther, Ruediger"]
[Black "Neukirch, Detlef"]
[Result "1/2-1/2"]
[WhiteElo "2325"]
[BlackElo "2320"]

1.e4 c5 2.Nf3 e6 3.d4 cxd4 4.Nxd4 a6 5.Bd3 Bc5 6.Nb3 Ba7 7.Nc3 Nc6 8.Qe2 d6
9.Be3 e5 10.Nd5 Nge7 11.Bxa7 Rxa7 12.Qe3 Be6 13.c4 O-O 14.O-O Ra8 15.Rad1 b5
16.c5 dxc5 17.Qxc5 Rc8 18.Bb1 Bxd5 19.exd5 Nd4 20.Qa7 Rc7 21.Qxa6 Qxd5 22.Nxd4 exd4
23.Bd3 b4 24.Qa4 Qd6 25.Rfe1 g6 26.Re2 Rfc8 27.Red2 Rc1 28.Bf1 Rxd1 29.Qxd1 Rd8
30.Qb3 Nc6 31.Bd3 Ne5 32.h3 Nxd3 33.Rxd3 Kg7 34.Qc4 h5 35.a3 bxa3 36.bxa3 Qe5
37.Rf3 Rd7 38.g3 Rc7 39.Qb3 f5 40.Kg2 Qe4 41.Kh2 Rc1 42.Qb4 Rb1 43.Qd6 Qxf3  1/2-1/2

[Event "BL2-N9293"]
[Site "Germany"]
[Date "1993.??.??"]
[Round "?"]
[White "Roth, Josef"]
[Black "Klostermann, Markus"]
[Result "0-1"]
[WhiteElo "2210"]
[BlackElo "2280"]

1.e4 c5 2.Nf3 e6 3.d4 cxd4 4.Nxd4 a6 5.Bd3 Nf6 6.Nc3 Qc7 7.a4 Bd6 8.Be3 b6
9.Qe2 Bb7 10.h3 O-O 11.O-O Be7 12.f4 d6 13.Qf2 Nbd7 14.Rae1 g6 15.Nf3 Nc5
16.Bd2 Bc6 17.e5 Nfd7 18.Nd4 Nxd3 19.cxd3 dxe5 20.Nxc6 Qxc6 21.fxe5 Nc5 22.Qg3 Rad8
23.Rf3 Rd4 24.Ref1 Bh4 25.Qh2 Rxd3 26.Rxd3 Nxd3 27.g3 Qc5+ 28.Kh1 Be7 29.Qe2 Nxe5
30.Kh2 Qc4 31.Qxe5 Qxf1 32.Bh6 Bf6 33.Qe3 Rd8 34.Qxb6 g5 35.Qe3 Rb8 36.h4 Rxb2+  0-1

[Event "BL9293 (Women)"]
[Site "Germany"]
[Date "1993.??.??"]
[Round "?"]
[White "Ankerst, Milka"]
[Black "Beltz, Martina"]
[Result "0-1"]
[WhiteElo "2150"]
[BlackElo "2205"]

1.e4 c5 2.Nf3 e6 3.d4 cxd4 4.Nxd4 a6 5.Bd3 Nf6 6.O-O Qc7 7.c4 Be7 8.Nc3 d6
9.Be3 Nbd7 10.f4 b6 11.Qe2 Bb7 12.Bf2 O-O 13.Rac1 Rac8 14.Rfe1 Rfd8 15.Kh1 g6
16.b3 Nh5 17.Qe3 Bf6 18.f5 Re8 19.fxe6 fxe6 20.Be2 Ng7 21.Nf3 Nc5 22.Nd2 Qe7
23.Bf3 Rf8 24.b4 Nd7 25.Na4 Bg5 26.Qe2 b5 27.cxb5 axb5 28.Nb6 Rxc1 29.Rxc1 Ne5
30.Be3 Nxf3 31.Nxf3 Bxe3 32.Qxe3 Nh5 33.Nd4 Nf6 34.e5 Ne4 35.Nxb5 dxe5 36.a3 Qh4
37.Kg1 Rf2 38.Nd6 Rxg2+ 39.Kxg2 Nxd6+ 40.Kf1 Qxh2 41.Rc7 Ba6+ 42.Ke1 Nf5
43.Qf2 Qh1+ 44.Kd2 e4 45.Nc4 Bxc4 46.Rc8+ Kg7 47.Qa7+ Kh6 48.Rxc4 e3+ 49.Kc2 e2
50.Rc7 Qd1+ 51.Kb2 e1=Q  0-1

[Event "BL9293 (Women)"]
[Site "Germany"]
[Date "1993.??.??"]
[Round "?"]
[White "Ankerst, Milka"]
[Black "Jahn, Constanze"]
[Result "0-1"]
[WhiteElo "2150"]
[BlackElo "2180"]

1.e4 c5 2.Nf3 e6 3.d4 cxd4 4.Nxd4 a6 5.Bd3 Nc6 6.Nxc6 dxc6 7.Nd2 e5 8.O-O Bd6
9.Nc4 Bc7 10.Be3 b5 11.Nd2 Ne7 12.Nb3 O-O 13.Qf3 f5 14.exf5 Bxf5 15.Bxf5 Rxf5
16.Qg4 h5 17.Qe4 Qd5 18.Qxd5+ Nxd5 19.Bc5 h4 20.h3 Re8 21.Rfe1 Nf4 22.Kf1 Rf6
23.Be3 Ref8 24.Rad1 R8f7 25.Nc5 Nd5 26.Ne4 Rg6 27.Bg5 Bb6 28.f3 Rf5 29.Bxh4 Ne3+
30.Rxe3 Bxe3 31.Ke2 Bd4 32.g4 Rf8 33.c3 Bb6 34.Bg3 Re6 35.h4 a5 36.h5 Rd8
37.Rh1 b4 38.g5 bxc3 39.bxc3 Rb8 40.h6 Bd8 41.hxg7 Kxg7 42.Kd3 Be7 43.Rh2 Rd8+
44.Ke3 a4 45.f4 exf4+ 46.Bxf4 Bc5+ 47.Kf3 Rd3+ 48.Ke2 Rxc3 49.Kd2 Rxe4 50.Kxc3 Rxf4
51.Rh6 Bb4+ 52.Kb2 Rf2+ 53.Kb1 c5 54.Rc6 a3 55.g6 Rb2+ 56.Ka1 Bc3 57.Rc7+ Kh6  0-1

[Event "Oberliga Nord N9293"]
[Site "Germany"]
[Date "1993.??.??"]
[Round "?"]
[White "Rossmann, Helmut"]
[Black "Sommerfeld, Armin"]
[Result "1-0"]
[WhiteElo "2265"]
[BlackElo "2250"]

1.e4 c5 2.Nf3 e6 3.d4 cxd4 4.Nxd4 a6 5.Bd3 Nc6 6.Nxc6 bxc6 7.O-O d6 8.Qe2 Nf6
9.Nd2 e5 10.Nc4 Be7 11.f4 O-O 12.Kh1 Qc7 13.fxe5 dxe5 14.Bg5 Ne8 15.Bxe7 Qxe7
16.Nb6 Rb8 17.Nxc8 Rxc8 18.Bxa6 Ra8 19.Bc4 Kh8 20.c3 Nd6 21.Rad1 Rad8 22.Bb3 Qh4
23.Bc2 f5 24.exf5 e4 25.Kg1 Nxf5 26.Rxd8 Qxd8 27.Bxe4 Qe7 28.Bd3 Qc5+ 29.Qf2 Qd5
30.Bxf5 g6 31.Be6 Rxf2 32.Bxd5  1-0

[Event "BL2-S9293"]
[Site "Germany"]
[Date "1993.??.??"]
[Round "?"]
[White "Thomas, Thiemo"]
[Black "Raupp, Thomas"]
[Result "0-1"]
[WhiteElo "2265"]
[BlackElo "2330"]

1.e4 c5 2.Nf3 e6 3.d4 cxd4 4.Nxd4 a6 5.Bd3 Nf6 6.Qe2 d6 7.O-O Qc7 8.Be3 Be7
9.Nd2 O-O 10.f4 Re8 11.Kh1 Nbd7 12.N4b3 b6 13.Rae1 Bb7 14.Rf3 Bf8 15.Rh3 g6
16.Bf2 e5 17.f5 d5 18.Bh4 b5 19.Bg5 Rac8 20.c3 dxe4 21.Nxe4 Bxe4 22.Bxe4 Nxe4
23.Qxe4 Qc4 24.Qe3 f6 25.Rh4 Qf7 26.fxg6 hxg6 27.Qh3 Bg7 28.Rf1 Qe6 29.Be3 Qxh3
30.Rxh3 Nf8 31.Bc5 Ne6 32.Bd6 Nf4 33.Rhf3 Rc6 34.Bc5 Ne6  0-1

[Event "BL2-S9293"]
[Site "Germany"]
[Date "1993.??.??"]
[Round "?"]
[White "Weis, Ruediger"]
[Black "Schneider, Bernd"]
[Result "1-0"]
[WhiteElo "2300"]
[BlackElo "2395"]

1.e4 c5 2.Nf3 e6 3.d4 cxd4 4.Nxd4 a6 5.Bd3 Qc7 6.O-O Nf6 7.Qe2 d6 8.f4 Nbd7
9.Kh1 b6 10.c4 Bb7 11.Nc3 Be7 12.Bd2 O-O 13.Rae1 g6 14.Nf3 Rfe8 15.Qf2 Nc5
16.Bb1 d5 17.cxd5 exd5 18.exd5 Nxd5 19.f5 Bf6 20.fxg6 fxg6 21.Nxd5 Bxd5 22.Bh6 Bg7
23.Bxg7 Qxg7 24.b4 Nd7 25.a3 a5 26.Ba2 Bxa2 27.Qxa2+ Kh8 28.bxa5 bxa5 29.Ng5 h6
30.Ne6 Qc3 31.Rc1 Qe5 32.Nc7 Rac8 33.Nxe8 Qxe8 34.Rxc8 Qxc8 35.Qe6  1-0

[Event "Goch op"]
[Site "Goch"]
[Date "1993.??.??"]
[Round "5"]
[White "Polzin, Rainer"]
[Black "De Ruyter, L."]
[Result "1-0"]
[WhiteElo "2380"]
[BlackElo "2200"]

1.e4 c5 2.Nf3 e6 3.d4 cxd4 4.Nxd4 a6 5.Bd3 Bc5 6.Nb3 Ba7 7.Nc3 Nc6 8.Qe2 Qc7
9.Be3 Bxe3 10.Qxe3 Nf6 11.O-O-O O-O 12.f4 d6 13.Rdg1 Rd8 14.g4 Nd7 15.g5 b5
16.f5 Nce5 17.g6 hxg6 18.fxe6 fxe6 19.h4 Nf6 20.Kb1 Rf8 21.Qh3 Qe7 22.Ne2 Nh5
23.Nbd4 Bd7 24.Qh2 Rf6 25.Ng3 Nxg3 26.Rxg3 Qf7 27.h5 gxh5 28.Be2 Rh6 29.Rhg1 Ng4
30.Qg2 Rg6 31.e5 d5 32.Bxg4 hxg4 33.Rxg4 Rxg4 34.Qxg4 Rf8 35.a3 Qe7 36.Nf3 Qf7
37.Nd4 Qe7 38.Qh3 Rf4 39.Nf3 Qf7 40.Rh1 Qf5 41.Qh8+ Kf7 42.Rh5 Rxf3 43.Rxf5+ Rxf5
44.Qh2 a5 45.b3 a4 46.Kb2 Kg8 47.Kc3 Rf8 48.Kb4 Rc8 49.Qf2 Rf8 50.Qa7 Rf7
51.Kc5 g5 52.Kd6 Kg7 53.Qb8 Kg6 54.Qh8 Rg7 55.Qf8 Kh6 56.Qf3 Kg6 57.Qh3 Rf7
58.Qg3 Rg7 59.Qh3 Rf7 60.Qg3 Be8 61.Kxe6 Bd7+ 62.Kd6 Bc8 63.b4  1-0

[Event "Wichern op"]
[Site "Hamburg"]
[Date "1993.??.??"]
[Round "7"]
[White "Sawadkuhi, Massoud Amir"]
[Black "Chuchelov, Vladimir"]
[Result "0-1"]
[WhiteElo "2270"]
[BlackElo "2510"]

1.e4 c5 2.Nf3 e6 3.d4 cxd4 4.Nxd4 a6 5.Bd3 Nf6 6.O-O Qc7 7.c4 Nc6 8.Nxc6 dxc6
9.Be3 e5 10.f3 Nd7 11.Nc3 Bc5 12.Qd2 Qb6 13.Bxc5 Nxc5 14.Qe3 Qxb2 15.Qxc5 Qxc3
16.Rfd1 Qd4+ 17.Qxd4 exd4 18.c5 Be6 19.Rd2 O-O-O 20.Rb1 Kc7 21.Rdb2 Bc8 22.Bc4 f6
23.f4 d3 24.e5 fxe5 25.fxe5 Rhe8 26.e6 Rd4 27.Bb3 d2 28.Rd1 Bxe6 29.Rbxd2 Rxd2
30.Rxd2 Bxb3 31.axb3 Re3 32.b4 Re4 33.Rb2 Rc4 34.g3 a5 35.bxa5 Rxc5 36.Rf2 Rxa5
37.Rf7+ Kb6 38.Rxg7 h5 39.h4 Rd5 40.Kf2 c5 41.g4 hxg4 42.Rxg4 Kb5 43.Ke3 c4
44.Rg2 Kc5 45.Rh2 Rh5 46.Kd2 b5 47.Kc2 b4 48.Kb2 Kd4 49.Rh3 b3 50.Rh1 Ra5  0-1

[Event "Harkany op"]
[Site "Harkany"]
[Date "1993.??.??"]
[Round "9"]
[White "Grabics, Monika"]
[Black "Robovic, Saudin"]
[Result "1-0"]
[WhiteElo "2245"]
[BlackElo "2360"]

1.e4 c5 2.Nf3 e6 3.d4 cxd4 4.Nxd4 a6 5.Bd3 Nc6 6.Nxc6 dxc6 7.Nd2 e5 8.Nc4 Bc5
9.Qh5 Bd4 10.c3 Bxf2+ 11.Kxf2 Qxd3 12.Qxe5+ Be6 13.Nd6+ Kf8 14.Rf1 Nf6 15.Kg1 Nd7
16.Qf4 g5 17.Qg3 Qxg3 18.hxg3 h6 19.Nxb7 Rb8 20.Nd6 Ne5 21.b3 Kg7 22.c4 Rhd8
23.Bb2 f6 24.Rad1 a5 25.Bxe5 fxe5 26.Rd2 Kg6 27.c5 a4 28.bxa4 Rb4 29.Rdf2 Kg7
30.a5 Ra8 31.a6 Rxa6 32.Ne8+ Kh7 33.Nc7  1-0

[Event "Havana op"]
[Site "Havana"]
[Date "1993.??.??"]
[Round "?"]
[White "Herrera, Irisberto"]
[Black "Blanco Fernandez, Alvaro"]
[Result "1-0"]
[WhiteElo "2355"]
[BlackElo "2305"]

1.e4 c5 2.Nf3 e6 3.d4 cxd4 4.Nxd4 a6 5.Bd3 Qc7 6.Qe2 d6 7.O-O Nf6 8.c4 g6
9.Nc3 Bg7 10.Rd1 O-O 11.Nf3 Nc6 12.Bc2 Ng4 13.Ng5 Nce5 14.h3 Nf6 15.Bb3 h6
16.Nf3 Nfd7 17.Nxe5 dxe5 18.Be3 b6 19.Bc2 Rd8 20.b4 Bb7 21.Bb3 Bf8 22.a3 a5
23.Bd2 axb4 24.axb4 Rxa1 25.Rxa1 Bxb4 26.Nb5 Qc5 27.Ra7 Rb8 28.Bxh6 Qc6 29.Qf3 Bf8
30.Bxf8 Nxf8 31.Ba4 Qxc4 32.Qxf7+ Kxf7 33.Nd6+ Kf6 34.Nxc4 Bxe4 35.Nd6 Bd5
36.Rf7+ Kg5 37.Bb5 Kh6 38.h4 g5 39.Ne8 Ng6 40.h5 Nf4 41.Nf6 Rh8 42.g4 e4
43.Be8 Bb3 44.Rb7 Nd5 45.Nxd5 Bxd5 46.Re7 b5 47.Bxb5 Rh7 48.Rxh7+ Kxh7 49.Kf1 Kg7
50.Ke2  1-0

[Event "Heraklio op"]
[Site "Heraklio"]
[Date "1993.??.??"]
[Round "3"]
[White "Metaxas, Petros"]
[Black "Cramling, Pia"]
[Result "1/2-1/2"]
[WhiteElo "2225"]
[BlackElo "2525"]

1.e4 c5 2.Nf3 e6 3.d4 cxd4 4.Nxd4 a6 5.Bd3 Bc5 6.Nb3 Ba7 7.Qe2 Nc6 8.Be3 d6
9.O-O Bxe3 10.Qxe3 Nf6 11.c4 O-O 12.Nc3 Ne5 13.Rfd1 Qc7 14.Rac1 b6 15.Be2 Bb7
16.f4 Ng6 17.g3 Rfd8 18.a3 Rac8 19.Nd4 Qb8 20.f5 Nf8 21.fxe6 fxe6 22.b3 Re8
23.Nf3 Qc7 24.Qd4 Rcd8 25.Na4 N8d7 26.Qxd6 Qxd6 27.Rxd6 Nxe4 28.Rd3 Ndc5
29.Rxd8 Rxd8 30.Nxc5 bxc5 31.b4 h6 32.Kf1 Kf8 33.Rd1 Rxd1+ 34.Bxd1 Ke7 35.Ne5 Kd6
36.Nf7+ Kc7 37.Ke1 Nf6 38.Kd2 Bg2 39.Ke3 Bh3 40.Ne5 Kd6 41.Nd3 Bf1 42.bxc5+ Kc7
43.Ne5 Bg2 44.Kd4 Bh1 45.Bf3 Bxf3 46.Nxf3 Nd7 47.h3 Kc6 48.Ne5+ Nxe5 49.Kxe5 Kxc5
50.Kxe6 Kxc4 51.Kf7 Kb3 52.Kxg7 h5 53.Kg6 Kxa3 54.Kxh5 Kb4 55.g4 a5 56.g5 a4
57.g6 a3 58.g7 a2 59.g8=Q a1=Q 60.Qg4+ Kc5 61.Qf5+ Kd6 62.Kg6 Qg1+ 63.Kh5 Ke7
64.h4 Qg7  1/2-1/2

[Event "Heraklio op"]
[Site "Heraklio"]
[Date "1993.??.??"]
[Round "5"]
[White "Kotronias, Vasilios"]
[Black "Kosic, Dragan"]
[Result "1/2-1/2"]
[WhiteElo "2590"]
[BlackElo "2495"]

1.e4 c5 2.Nf3 e6 3.d4 cxd4 4.Nxd4 a6 5.Bd3 Qc7 6.O-O Bc5 7.Nb3 Be7 8.a4 Nc6
9.a5 Bf6 10.f4 d6 11.N1d2 Nd4 12.Nc4 Nxb3 13.cxb3 Bd4+ 14.Kh1 Nf6 15.Bd2 d5
16.Nb6 Bxb6 17.axb6 Qxb6 18.e5 Nd7 19.Rf3 Nf8 20.Be3 Qd8 21.Qg1 Bd7 22.Bb6 Qh4
23.Rc1 Bc6 24.Qd4 Nd7 25.Ba5 f5 26.Rh3 Qe7 27.Bb4 Qd8 28.g4 Qb6 29.Qxb6 Nxb6
30.gxf5 d4+ 31.Rxc6 bxc6 32.fxe6 Nd5 33.Bd2 Ke7 34.f5 h6 35.Rg3 Rhg8 36.h4 g6
37.fxg6 Kxe6 38.Bxh6 Rh8 39.Bg5 Rag8 40.Kh2 Kxe5 41.Rf3 a5 42.Kg3 Rb8 43.Bc2 a4
44.bxa4 Rxb2 45.Bd3 c5 46.Bc1 Rb3 47.a5 Ne3 48.Bxe3 Rxd3 49.Bf4+ Ke4 50.Rxd3 Kxd3
51.h5 Ke4 52.h6 Kf5 53.g7 Rg8 54.Bd6 d3 55.Kf2 d2 56.Ke2 Re8+ 57.Kxd2 Kg6
58.Bf4 Kh7 59.Kc2 Re4 60.Bd2 Rd4 61.Bc3 Rg4 62.Kb3 Re4 63.Bf6 Re6 64.Bb2 Rxh6
65.Kc4 Rh2  1/2-1/2

[Event "Heraklio op"]
[Site "Heraklio"]
[Date "1993.??.??"]
[Round "7"]
[White "Metaxas, Petros"]
[Black "Oratovsky, Michael"]
[Result "0-1"]
[WhiteElo "2225"]
[BlackElo "2420"]

1.e4 c5 2.Nf3 e6 3.d4 cxd4 4.Nxd4 a6 5.Bd3 g6 6.Be3 Bg7 7.c4 d5 8.cxd5 exd5
9.exd5 Nf6 10.Qa4+ Nbd7 11.Ne6 fxe6 12.dxe6 O-O 13.exd7 Bxd7 14.Qb3+ Kh8
15.Nc3 Ng4 16.O-O-O Nxf2 17.Bxf2 Rxf2 18.Be4 Rc8 19.Kb1 Qe8 20.Rde1 Be6 21.Qb4 Rxc3
22.bxc3 Bxa2+ 23.Ka1 Qa4  0-1

[Event "Heraklio op"]
[Site "Heraklio"]
[Date "1993.??.??"]
[Round "9"]
[White "Arnason, Jon L"]
[Black "Miladinovic, Igor"]
[Result "1-0"]
[WhiteElo "2530"]
[BlackElo "2450"]

1.e4 c5 2.Nf3 e6 3.d4 cxd4 4.Nxd4 a6 5.Bd3 Ne7 6.O-O Nec6 7.Nxc6 Nxc6 8.f4 Be7
9.Nd2 d6 10.Kh1 Qc7 11.c3 Bd7 12.Qe2 O-O 13.a4 Rfe8 14.b4 g6 15.Bb2 Bf6 16.e5 dxe5
17.b5 axb5 18.axb5 Rxa1 19.Bxa1 exf4 20.bxc6 Bxc6 21.Be4 Ra8 22.Nf3 Ra4 23.Bxc6 Qxc6
24.Bb2 Ra2 25.Ra1 Rxa1+ 26.Bxa1 Bxc3 27.Bxc3 Qxc3 28.h3 Qc5 29.Qe4 Qc1+ 30.Kh2 Qc7
31.Qd4 b5 32.Kh1 Qc1+ 33.Kh2 Qc7 34.Kh1 Qc1+ 35.Kh2 Qe3 36.Qb4 Qb6 37.Ne5 Qe3
38.Nd7  1-0

[Event "HUN-chT2"]
[Site "HUN"]
[Date "1993.??.??"]
[Round "?"]
[White "Tomcsanyi, Peter"]
[Black "Marosi, Csaba"]
[Result "1/2-1/2"]
[WhiteElo "2275"]
[BlackElo "2310"]

1.e4 c5 2.Nf3 e6 3.d4 cxd4 4.Nxd4 a6 5.Bd3 Qc7 6.O-O Nf6 7.Qe2 d6 8.c4 b6
9.Nc3 Bb7 10.Be3 Nbd7 11.Rac1 Be7 12.Rfd1 O-O 13.f3 Rac8 14.Nc2 Rfe8 15.Na3 Qb8
16.Na4 Bc6 17.Nc3 Bb7 18.Qf2 Bd8 19.Bf1 Bc7 20.g3 Qa8 21.Bg2  1/2-1/2

[Event "HUN-chT"]
[Site "HUN"]
[Date "1993.??.??"]
[Round "?"]
[White "Bauer, Tamas"]
[Black "Farago, Ivan"]
[Result "1-0"]
[WhiteElo "2335"]
[BlackElo "2510"]

1.e4 c5 2.Nf3 e6 3.d4 cxd4 4.Nxd4 a6 5.Bd3 Nf6 6.O-O Qc7 7.Qe2 d6 8.Kh1 g6
9.Nc3 Bg7 10.f4 O-O 11.Bd2 b6 12.Rae1 Bb7 13.Nf3 Nbd7 14.Ng5 b5 15.a3 Nc5
16.Qf2 h6 17.Nf3 d5 18.e5 Nfe4 19.Bxe4 Nxe4 20.Nxe4 dxe4 21.Nd4 Rfd8 22.Rd1 Rd7
23.Bb4 Rc8 24.Rd2 g5 25.Bd6 Qc4 26.Ne2 Qc6 27.Qe3 Rcd8 28.Rfd1 f5 29.Nd4 gxf4
30.Qxf4 Qc4 31.b3 Qc3 32.Nxe6 e3 33.Nxd8 Rxd8 34.Qh4 Rxd6 35.Rxd6 Qxc2 36.Rg1 Qe4
37.Qxe4 Bxe4 38.e6 Kf8 39.Rd7 Bf6 40.Rf7+ Ke8 41.Rxf6  1-0